000 00760nam a2200217Ia 4500
003 GCL
008 140319s9999 xx 000 0 ara d
040 _aGCL /
_cGCL
082 0 4 _a182
_bح ف
100 1 _aحسين حرب
245 1 0 _aالفكر اليونانى قبل افلاطون :
_bالعقل اليونانى على دروب الحكمة /
_cحسين حرب
250 _aالاولى
260 _aبيروت :
_bدار الفكر اللبنانى ،
_c1990
300 _a126 ص ؛
_c24 سم
490 _aسلسلة الفكر اليونانى
_v1
650 0 4 _aالفلسفة
650 0 4 _aالفلسفة اليونانية
650 0 4 _aالفلسفة - نظريات
650 0 4 _aالفلاسفة اليونانيون
942 _2ddc
_cBK
999 _c4948
_d4948